| 000 | 00781nam a2200241 a 4500 | ||
|---|---|---|---|
| 001 | 000004854 | ||
| 005 | 20200929151523.0 | ||
| 008 | 730706s1980 es 000 p spa d | ||
| 040 |
_aDO-SdBNP _bspa _cBNPHU |
||
| 082 |
_aES861.44 _bD152t, 1980 |
||
| 100 | 1 |
_aDalton, Roque, _d1935-1975 _99961 |
|
| 245 | 1 | 0 |
_aTaberna y otros lugares / _cRoque Dalton; prólogo de Italo López Vallecillos. |
| 250 | _a3a ed. | ||
| 260 |
_aSan Salvador, El Salvador : _bUCA, _c1980. |
||
| 300 |
_a143 p. ; _c20 cm. |
||
| 490 | 1 |
_aGavidia. Poesía _v12 |
|
| 650 | 4 |
_aPoesía salvadoreña _912306 |
|
| 650 | 4 |
_aLiteratura salvadoreña _92929 |
|
| 700 | 1 |
_aLópez Vallecillo, Italo, _dpról. _914077 |
|
| 830 | 0 |
_aGavidia. Poesía; _v12 _914078 |
|
| 910 | _aCatalogación por copia WM | ||
| 049 | _aBNGR | ||
| 999 |
_c4660 _d4660 |
||